书目信息 |
| 题名: |
特色图书馆论
|
|
| 作者: | ;湖北省文化厅 , 特色图书馆研究课题组 , 文化部图书馆司 著 | |
| 分册: | ||
| 出版信息: | 北京 北京图书馆出版社 1998 |
|
| 页数: | 172页 | |
| 开本: | 20cm | |
| 丛书名: | ||
| 单 册: | ||
| 中图分类: | G258.2 | |
| 科图分类: | ||
| 主题词: | 公共图书馆--图书馆工作--概论 , 图书馆工作 , 公共图书馆 | |
| 电子资源: | ||
| ISBN: | 7-5013-1538-8 | |
| 000 | 01030nam0 22002653 450 | |
| 001 | 0199008921 | |
| 005 | 20070729101519.90 | |
| 010 | @a7-5013-1538-8@dCNY8.60 | |
| 100 | @a20041205d1998 em y0chiy0110 ea | |
| 101 | 0 | @achi |
| 102 | @aCN@b110000 | |
| 105 | @ay z 000yy | |
| 200 | 1 | @a特色图书馆论@Ate se tu shu guan lun@f文化部图书馆司,湖北省文化厅,特色图书馆研究课题组[著] |
| 210 | @a北京@c北京图书馆出版社@d1998 | |
| 215 | @a172页@d20cm | |
| 330 | @a本书通过北京、上海、湖北三地公共图书馆特色服务纪实,对特色图书馆这一新生事物进行了研究与探讨,从理论上回答了特色图书馆在中国改革开放新形势下产生和发展的必然性。进而展现了特色图书馆的发展前景。 | |
| 606 | 0 | @a公共图书馆@x图书馆工作@x概论 |
| 606 | 0 | @a图书馆工作 |
| 606 | 0 | @a公共图书馆 |
| 690 | @aG258.2@v4 | |
| 711 | 02 | @a湖北省文化厅@Ahu bei sheng wen hua ting@4著 |
| 711 | 02 | @a特色图书馆研究课题组@Ate se tu shu guan yan jiu ke ti zu@4著 |
| 711 | 02 | @a文化部图书馆司@Awen hua bu tu shu guan si@4著 |
| 801 | 0 | @aCN@bNLC@c20070729 |
| 905 | @a10447@dG258.2@e31 | |
| 特色图书馆论/文化部图书馆司,湖北省文化厅,特色图书馆研究课题组[著].-北京:北京图书馆出版社,1998 |
| 172页;20cm |
| ISBN 7-5013-1538-8:CNY8.60 |
| 本书通过北京、上海、湖北三地公共图书馆特色服务纪实,对特色图书馆这一新生事物进行了研究与探讨,从理论上回答了特色图书馆在中国改革开放新形势下产生和发展的必然性。进而展现了特色图书馆的发展前景。 |
| ● |
| 相关链接 |
|
|
|
|
正题名:特色图书馆论
索取号:G258.2/31
 
预约/预借
| 序号 | 登录号 | 条形码 | 馆藏地/架位号 | 状态 | 备注 |
| 1 | 0784127 | 207841273 | 第一样本阅览室/ [索取号:G258.2/31] | 在馆 | |
| 2 | 0784128 | 207841282 | 第四借阅区/ [索取号:G258.2/31] | 在馆 | |
| 3 | 0784129 | 207841291 | 第四借阅区/ [索取号:G258.2/31] | 在馆 | |
| 4 | 0784849 | 207848490 | 第四借阅区/ [索取号:G258.2/31] | 在馆 |